[Event "Fenain op"]
[Site "Fenain"]
[Date "2007.02.24"]
[Round "1.10"]
[White "Engster, Matthieu"]
[Black "Peurton, Frederic"]
[Result "1-0"]
[WhiteElo "1779"]
[BlackElo "2017"]
[PlyCount "115"]
[EventDate "2007.02.24"]
[EventType "swiss"]
[EventRounds "7"]
[EventCountry "FRA"]
[SourceTitle "CBM 117 Extra"]
[Source "ChessBase"]
[SourceDate "2007.05.09"]
[SourceVersion "1"]
[SourceVersionDate "2007.05.09"]
[SourceQuality "1"]

1. Nf3 c5 2. b3 Nf6 3. Bb2 d5 4. e3 Nc6 5. d4 e6 6. Nbd2 cxd4 7. Nxd4 Nxd4 8. Bxd4 Bd7 9. Be2 Bd6 10. c4 0-0 11. 0-0 Qb8 12. h3 Rc8 13. Bd3 e5 14. Bb2 b5 15. cxd5 Nxd5 16. Be4 Bc6 17. Qf3 Ne7 18. Rac1 Bxe4 19. Nxe4 f5 20. Rxc8+ Nxc8 21. Qxf5 Qb7 22. Qe6+ Qf7 23. Qxf7+ Kxf7 24. Nxd6+ Nxd6 25. Bxe5 Nf5 26. Rc1 Ke6 27. Bd4 Nxd4 28. exd4 Kd5 29. Rc5+ Kxd4 30. Rxb5 Kc3 31. Rb7 Kb2 32. a4 a5 33. b4 axb4 34. Rxb4+ Ka3 35. Rb7 g5 36. Rxh7 Kxa4 37. Rg7 Ra5 38. Kh2 Kb4 39. Kg3 Kc4 40. Rd7 Rf5 41. f3 Rf4 42. Rg7 Kd4 43. Rxg5 Rf8 44. h4 Rh8 45. h5 Rh7 46. Kg4 Ke3 47. Rg6 Kf2 48. g3 Rf7 49. f4 Rb7 50. h6 Rb3 51. Kf5 Rb5+ 52. Kf6 Rb7 53. f5 Kf3 54. Rg7 Rb6+ 55. Kg5 Kxg3 56. h7 Rb4 57. h8Q Rg4+ 58. Kf6 1-0

[Event "Avoine op 21th"]
[Site "Avoine"]
[Date "2006.07.27"]
[Round "7"]
[White "Engster, Matthieu"]
[Black "Bruno, Ricardo"]
[Result "1-0"]
[WhiteElo "1792"]
[BlackElo "1892"]
[PlyCount "65"]
[EventDate "2006.07.22"]
[EventType "swiss"]
[EventRounds "9"]
[EventCountry "FRA"]
[SourceTitle "EXT 2007"]
[Source "ChessBase"]
[SourceDate "2006.11.23"]
[SourceVersion "1"]
[SourceVersionDate "2006.11.23"]
[SourceQuality "1"]

1. Nf3 d5 2. b3 Nf6 3. Bb2 g6 4. e3 Bg7 5. Be2 0-0 6. 0-0 Nbd7 7. c4 dxc4 8. Bxc4 Nb6 9. Be2 Bf5 10. d4 Nc8 11. Nh4 Be6 12. Qc2 Nd6 13. Rd1 c6 14. Nd2 Nf5 15. Ndf3 Rc8 16. e4 Nh6 17. h3 Kh8 18. Ng5 Qd7 19. Nhf3 Ne8 20. Ne5 Qc7 21. Nxe6 fxe6 22. Bc4 Qd6 23. Qc1 Nf7 24. Ba3 Qc7 25. Nxf7+ Rxf7 26. Bxe6 Kg8 27. Bxf7+ Kxf7 28. Qc4+ e6 29. Rac1 Nd6 30. Bxd6 Qxd6 31. d5 exd5 32. exd5 Kf8 33. Qc5 1-0

[Event "Fenain op 8th"]
[Site "Fenain "]
[Date "2006.02.14"]
[Round "7"]
[White "Engster, Matthieu"]
[Black "Durez, Cedric"]
[Result "0-1"]
[WhiteElo "1822"]
[BlackElo "1988"]
[PlyCount "141"]
[EventDate "2006.02.11"]
[EventType "swiss"]
[EventRounds "7"]
[EventCountry "FRA"]
[SourceTitle "EXT 2008"]
[Source "ChessBase"]
[SourceDate "2007.11.25"]
[SourceVersion "1"]
[SourceVersionDate "2007.11.25"]
[SourceQuality "1"]

1. e4 e5 2. Nf3 Nc6 3. d4 exd4 4. Nxd4 Nxd4 5. Qxd4 Qf6 6. Be3 Qxd4 7. Bxd4 b6 8. Nd2 Bb7 9. Bc4 f6 10. 0-0-0 0-0-0 11. Rhe1 Ne7 12. f4 c5 13. Bf2 d5 14. exd5 Bxd5 15. Bxd5 Nxd5 16. g3 Nb4 17. a3 Nc6 18. Nf3 Be7 19. Rxd8+ Rxd8 20. Rd1 Rxd1+ 21. Kxd1 Kd7 22. Kd2 Ke6 23. Kd3 g6 24. Be1 a5 25. c4 Bd8 26. Bc3 Ne7 27. g4 Bc7 28. Bd2 Nc6 29. h3 Ne7 30. Ke4 h6 31. Nh4 f5+ 32. Kf3 Bd8 33. Bc3 Kf7 34. Ng2 h5 35. gxh5 gxh5 36. Ne3 Ke6 37. Kg3 h4+ 38. Kf3 Nc8 39. Be5 Bf6 40. Bxf6 Kxf6 41. Nd5+ Ke6 42. b3 Kd6 43. a4 Ke6 44. Ke3 Kd6 45. Kf3 Kc6 46. Ke3 Kb7 47. Kf3 Kc6 48. Ke3 Kd6 49. Kf3 Kd7 50. Ke3 Kd6 51. Kf3 Kd7 52. Ke3 Ke6 53. Nc7+ Kf7 54. Nd5 Ke8 55. Nc7+ Kf7 56. Nd5 Kg6 57. Kf3 Na7 58. Nxb6 Nc6 59. Nd7 Nd4+ 60. Ke3 Nxb3 61. Kd3 Kh5 62. Kc3 Nd4 63. Kd3 Nf3 64. Nxc5 Ng1 65. Nd7 Nxh3 66. c5 Nf2+ 67. Ke2 Ne4 68. c6 Nc3+ 69. Ke3 Nxa4 70. Nc5 Nxc5 71. c7 0-1